000
00519nam a2200181Ia 4500
008
090123s9999 xx 000 0 und d
082
_b
135
100
_a
कवठेकर द.र.
245
_a
मुक्या कळ्या
250
_a
3
260
_b
देशमुख रा.ज.
300
_a
127
600
_a
कवठेकर द.र.
630
_a
मुक्या कळ्या
700
_a
कवठेकर द.र.
730
_a
मुक्या कळ्या
942
_c
BOOK
999
_c
38223
_d
38223